<?xml version="1.0" encoding="UTF-8"?>
<marc:record xmlns:marc="http://www.loc.gov/MARC21/slim">
   <marc:leader>00000nam a2200000 a 4500</marc:leader>
   <marc:datafield ind1="1" ind2=" " tag="100">
      <marc:subfield code="a">Köthe, Rainer</marc:subfield>
      <marc:subfield code="4">aut</marc:subfield>
      <marc:subfield code="e">Verfasser/-in</marc:subfield>
   </marc:datafield>
   <marc:datafield ind1="0" ind2="0" tag="245">
      <marc:subfield code="a">Kriminalistik</marc:subfield>
   </marc:datafield>
   <marc:datafield ind1="0" ind2="0" tag="245">
      <marc:subfield code="c">Köthe, Rainer</marc:subfield>
   </marc:datafield>
   <marc:datafield ind1=" " ind2="1" tag="264">
      <marc:subfield code="c">2010</marc:subfield>
   </marc:datafield>
   <marc:datafield ind1="1" ind2=" " tag="490">
      <marc:subfield code="a">Was ist was</marc:subfield>
      <marc:subfield code="v">98</marc:subfield>
   </marc:datafield>
   <marc:datafield ind1="1" ind2=" " tag="520">
      <marc:subfield code="a">Langtext&#xD;
Um dem Täter auf die Spur zu kommen, stehen der Kriminalistik heute modernste Techniken und Instrumente zur Verfügung. Dieses Sachbuch berichtet in Bild und Text ausführlich darüber. (Ab 10 Jahren.)&#xD;
&#xD;
&#xD;
Hauptbeschreibung&#xD;
Sherlock Holmes, der weltberühmte Detektiv, jagte Verbrecher vor allem mit eigenem Spürsinn und Verstand. Heute gibt es dazu ein vielköpfiges Team aus Spezialisten. Autor Dr. Rainer Köthe beschreibt die Fahndungsarbeit am Tatort und im Kriminallabor, und er schildert, wie Computer-, Wirtschafts- und Umweltkriminelle entlarvt und überführt werden.</marc:subfield>
   </marc:datafield>
   <marc:datafield ind1=" " ind2=" " tag="020">
      <marc:subfield code="a">9783788606619</marc:subfield>
      <marc:subfield code="9">9783788606619</marc:subfield>
   </marc:datafield>
   <marc:datafield ind1=" " ind2=" " tag="041">
      <marc:subfield code="a">ger</marc:subfield>
   </marc:datafield>
   <marc:datafield ind1="0" ind2=" " tag="490">
      <marc:subfield code="v">98</marc:subfield>
   </marc:datafield>
   <marc:datafield ind1=" " ind2=" " tag="300">
      <marc:subfield code="a">48 Seiten</marc:subfield>
   </marc:datafield>
</marc:record>
